[Event "PMPJ 2022 - C15"]
[Site "Jastrzebia Gora"]
[Date "2022.11.12"]
[Round "3.10"]
[White "Skrzypczak, Jan"]
[Black "Trzebinski, Patryk"]
[Result "0-1"]
[BlackElo "1800"]
[WhiteElo "1536"]
[LiveChessVersion "1.4.4"]

1. e4 {[%clk 1:30:58]} c5 {[%clk 1:30:53]} 2. Nf3 {[%clk 1:31:24]} Nc6
{[%clk 1:31:16]} 3. d4 {[%clk 1:31:50]} cxd4 {[%clk 1:31:43]} 4. Nxd4
{[%clk 1:32:11]} g6 {[%clk 1:32:06]} 5. Nc3 {[%clk 1:32:28]} Bg7 {[%clk 1:32:31]}
6. Be3 {[%clk 1:32:50]} Nf6 {[%clk 1:32:48]} 7. Bc4 {[%clk 1:33:14]} O-O
{[%clk 1:29:02]} 8. Bb3 {[%clk 1:32:53]} d6 {[%clk 1:28:56]} 9. f3
{[%clk 1:32:48]} Bd7 {[%clk 1:29:15]} 10. Qd2 {[%clk 1:32:56]} Rb8
{[%clk 1:29:03]} 11. O-O-O {[%clk 1:16:34]} b5 {[%clk 1:22:13]} 12. Nxc6
{[%clk 1:11:27]} Bxc6 {[%clk 1:22:34]} 13. Bxa7 {[%clk 1:11:05]} Ra8
{[%clk 1:21:57]} 14. Be3 {[%clk 1:11:22]} b4 {[%clk 1:21:56]} 15. Nd5
{[%clk 1:08:36]} Nxd5 {[%clk 1:22:18]} 16. exd5 {[%clk 1:06:19]} Ba4
{[%clk 1:22:24]} 17. Qxb4 {[%clk 0:55:45]} Qd7 {[%clk 1:18:50]} 18. c3
{[%clk 0:41:38]} Bxb3 {[%clk 1:09:28]} 19. axb3 {[%clk 0:35:39]} Rfb8
{[%clk 1:08:43]} 20. Qc4 {[%clk 0:32:41]} Rc8 {[%clk 1:07:18]} 21. Qd3
{[%clk 0:27:18]} Qb7 {[%clk 1:06:56]} 22. c4 {[%clk 0:18:46]} Ra2
{[%clk 1:07:06]} 23. Qc2 {[%clk 0:13:22]} Qb4 {[%clk 0:56:20]} 24. Qb1
{[%clk 0:11:19]} Qxb3 {[%clk 0:56:13]} 25. Rd3 {[%clk 0:10:43]} Rxc4+
{[%clk 0:56:19]} 26. Kd2 {[%clk 0:10:59]} Rxb2+ {[%clk 0:56:46]} 27. Ke1
{[%clk 0:11:01]} Rxb1+ {[%clk 0:57:06]} 28. Ke2 {[%clk 0:11:23]} Rc2+
{[%clk 0:57:21]} 29. Bd2 {[%clk 0:11:45]} Rxd2+ {[%clk 0:57:39]} 30. Rxd2
{[%clk 0:11:59]} 0-1

[Event "PMPJ 2022 - C15"]
[Site "Jastrzebia Gora"]
[Date "2022.11.12"]
[Round "3.11"]
[White "Skrzypinski, Jan"]
[Black "Rylski, Tadeusz"]
[Result "0-1"]
[BlackElo "1741"]
[WhiteElo "1490"]
[LiveChessVersion "1.4.4"]

1. e4 {[%clk 1:30:56]} c6 {[%clk 1:30:59]} 2. d4 {[%clk 1:31:05]} d5
{[%clk 1:31:24]} 3. f3 {[%clk 1:31:30]} dxe4 {[%clk 1:21:57]} 4. fxe4
{[%clk 1:31:53]} e5 {[%clk 1:21:28]} 5. Nf3 {[%clk 1:32:18]} exd4
{[%clk 1:21:06]} 6. Bc4 {[%clk 1:32:44]} Be7 {[%clk 1:12:39]} 7. O-O
{[%clk 1:32:09]} Be6 {[%clk 0:59:24]} 8. Bxe6 {[%clk 1:32:01]} fxe6
{[%clk 0:59:53]} 9. e5 {[%clk 1:30:33]} Nd7 {[%clk 0:45:29]} 10. Nbd2
{[%clk 1:29:53]} Nh6 {[%clk 0:38:16]} 11. Ne4 {[%clk 1:29:53]} Nf7
{[%clk 0:37:55]} 12. Nxd4 {[%clk 1:28:18]} Nc5 {[%clk 0:29:06]} 13. Nxc5
{[%clk 1:27:53]} Bxc5 {[%clk 0:29:08]} 14. c3 {[%clk 1:27:47]} O-O
{[%clk 0:25:39]} 15. Be3 {[%clk 1:27:46]} Qd5 {[%clk 0:18:32]} 16. Qg4
{[%clk 1:26:03]} Bxd4 {[%clk 0:18:28]} 17. cxd4 {[%clk 1:26:22]} Rad8
{[%clk 0:16:06]} 18. Rf3 {[%clk 1:24:33]} c5 {[%clk 0:12:31]} 19. Rg3
{[%clk 1:24:22]} g6 {[%clk 0:12:58]} 20. dxc5 {[%clk 1:23:50]} Nxe5
{[%clk 0:12:40]} 21. Qh4 {[%clk 1:23:14]} Qd1+ {[%clk 0:12:30]} 22. Rxd1
{[%clk 1:23:36]} Rxd1# {[%clk 0:12:55]} 0-1

[Event "PMPJ 2022 - C15"]
[Site "Jastrzebia Gora"]
[Date "2022.11.12"]
[Round "3.12"]
[White "Kozik, Maksymilian"]
[Black "Sliz, Karol"]
[Result "0-1"]
[BlackElo "1678"]
[WhiteElo "1341"]
[LiveChessVersion "1.4.4"]

1. e4 {[%clk 1:30:57]} c6 {[%clk 1:30:45]} 2. d4 {[%clk 1:31:20]} d5
{[%clk 1:31:13]} 3. e5 {[%clk 1:31:39]} Bf5 {[%clk 1:31:40]} 4. Nf3
{[%clk 1:32:01]} e6 {[%clk 1:32:09]} 5. Be2 {[%clk 1:32:22]} c5 {[%clk 1:32:11]}
6. c4 {[%clk 1:31:45]} dxc4 {[%clk 1:32:32]} 7. Bxc4 {[%clk 1:32:05]} cxd4
{[%clk 1:21:42]} 8. Qxd4 {[%clk 1:31:09]} Nc6 9. Qxd8+ {[%clk 1:26:25]} Rxd8
{[%clk 1:19:19]} 10. O-O {[%clk 1:25:13]} Bc5 {[%clk 1:15:18]} 11. Nc3
{[%clk 1:23:05]} Nge7 {[%clk 1:14:22]} 12. Bg5 {[%clk 1:12:48]} O-O
{[%clk 1:13:41]} 13. Bxe7 {[%clk 1:12:30]} Bxe7 {[%clk 1:13:26]} 14. Rad1
{[%clk 1:11:44]} Bg4 {[%clk 1:11:14]} 15. Rfe1 {[%clk 1:09:54]} Bb4
{[%clk 1:08:09]} 16. Rxd8 {[%clk 1:06:44]} Rxd8 {[%clk 1:07:37]} 17. h3
{[%clk 1:06:06]} Bxf3 {[%clk 1:07:44]} 18. gxf3 {[%clk 1:06:30]} Rd2
{[%clk 1:06:24]} 19. a3 {[%clk 1:04:41]} Ba5 {[%clk 1:04:43]} 20. b4
{[%clk 0:58:06]} Bb6 {[%clk 1:01:39]} 21. Ne4 {[%clk 0:56:14]} Rd4
{[%clk 0:59:09]} 22. Nd6 {[%clk 0:54:02]} Nxe5 {[%clk 0:53:57]} 23. Rxe5
{[%clk 0:53:00]} Rxd6 {[%clk 0:54:24]} 24. Kf1 {[%clk 0:52:27]} Rd1+
{[%clk 0:54:08]} 25. Re1 {[%clk 0:51:15]} Rd4 {[%clk 0:53:20]} 26. Re4
{[%clk 0:51:30]} Rd2 {[%clk 0:53:06]} 27. Re2 {[%clk 0:51:46]} Rd1+
{[%clk 0:53:14]} 28. Re1 {[%clk 0:52:10]} Rd6 {[%clk 0:53:21]} 29. Re4
{[%clk 0:51:02]} Kf8 {[%clk 0:52:48]} 30. Ke2 {[%clk 0:50:22]} Bd4
{[%clk 0:52:16]} 31. a4 {[%clk 0:48:19]} Ke7 {[%clk 0:50:40]} 32. Kf1
{[%clk 0:44:51]} h6 {[%clk 0:49:46]} 33. Re1 {[%clk 0:43:16]} Bc3
{[%clk 0:49:50]} 34. Rc1 {[%clk 0:42:12]} Bxb4 {[%clk 0:47:55]} 35. Bb5
{[%clk 0:41:36]} Kd8 36. Rc4 {[%clk 0:41:19]} Bd2 {[%clk 0:45:59]} 37. Rc2
{[%clk 0:40:27]} Bf4 {[%clk 0:45:29]} 38. Ke2 {[%clk 0:40:37]} a6
{[%clk 0:44:57]} 39. Bd3 {[%clk 0:40:59]} Rd4 {[%clk 0:42:40]} 40. Be4
{[%clk 0:41:13]} Rb4 {[%clk 0:41:32]} 41. Rc3 {[%clk 0:40:35]} Rb2+
{[%clk 0:40:21]} 42. Kf1 {[%clk 0:40:52]} Be5 {[%clk 0:37:43]} 43. Rd3+
{[%clk 0:39:29]} Kc7 {[%clk 0:37:48]} 44. Rd1 {[%clk 0:39:08]} Ra2
{[%clk 0:37:22]} 45. Rc1+ {[%clk 0:39:14]} Kb8 {[%clk 0:36:28]} 46. Rc4
{[%clk 0:38:19]} Rb2 {[%clk 0:34:21]} 47. Bd3 {[%clk 0:37:49]} Rd2
{[%clk 0:33:41]} 48. Be4 {[%clk 0:37:47]} Rd4 {[%clk 0:32:30]} 49. Rxd4
{[%clk 0:37:47]} Bxd4 {[%clk 0:32:58]} 50. Ke2 {[%clk 0:38:04]} Kc7
{[%clk 0:33:17]} 51. f4 {[%clk 0:38:12]} b5 {[%clk 0:33:08]} 52. axb5
{[%clk 0:38:30]} axb5 {[%clk 0:33:35]} 53. Bc2 {[%clk 0:38:37]} Kd6
{[%clk 0:33:42]} 54. f3 {[%clk 0:38:51]} Bb2 {[%clk 0:33:22]} 55. Kd2
{[%clk 0:39:00]} Kc5 {[%clk 0:33:19]} 56. Bh7 {[%clk 0:38:45]} Kd6
{[%clk 0:32:49]} 57. Bd3 {[%clk 0:39:07]} b4 {[%clk 0:32:10]} 58. Bc2
{[%clk 0:39:22]} Kc5 {[%clk 0:32:21]} 59. Bb3 {[%clk 0:39:16]} Kd4
{[%clk 0:31:36]} 60. h4 {[%clk 0:38:38]} Bc3+ {[%clk 0:31:23]} 61. Ke2
{[%clk 0:38:54]} Bb2 {[%clk 0:29:59]} 62. Kd2 {[%clk 0:39:10]} Ba1
{[%clk 0:29:58]} 63. Ba2 {[%clk 0:39:20]} Bc3+ {[%clk 0:29:17]} 64. Ke2
{[%clk 0:39:39]} g6 {[%clk 0:29:24]} 65. Bb3 {[%clk 0:39:50]} Kc5
{[%clk 0:29:25]} 66. Ba2 {[%clk 0:38:24]} Bf6 {[%clk 0:29:36]} 67. Kd3
{[%clk 0:36:47]} Bxh4 {[%clk 0:29:34]} 68. Bb3 {[%clk 0:37:04]} Bg3
{[%clk 0:29:42]} 69. Ke4 {[%clk 0:37:28]} Be1 {[%clk 0:29:33]} 70. Ke5
{[%clk 0:37:46]} Bc3+ {[%clk 0:29:55]} 71. Ke4 {[%clk 0:37:57]} h5
{[%clk 0:30:10]} 72. Ke3 {[%clk 0:38:07]} Bd4+ {[%clk 0:30:28]} 73. Ke2
{[%clk 0:38:10]} h4 {[%clk 0:30:51]} 74. Kf1 {[%clk 0:38:29]} h3 {[%clk 0:31:06]}
75. Ba2 {[%clk 0:38:35]} Be3 {[%clk 0:31:30]} 0-1

[Event "PMPJ 2022 - C15"]
[Site "Jastrzebia Gora"]
[Date "2022.11.12"]
[Round "3.13"]
[White "Grzebieniowski, Michal"]
[Black "Przedlacki, Wiktor"]
[Result "1/2-1/2"]
[BlackElo "1474"]
[WhiteElo "1665"]
[LiveChessVersion "1.4.4"]

1. d4 {[%clk 1:30:59]} Nf6 {[%clk 1:30:56]} 2. c4 {[%clk 1:31:24]} c5
{[%clk 1:30:49]} 3. dxc5 {[%clk 1:31:27]} e6 {[%clk 1:30:33]} 4. Nc3
{[%clk 1:31:53]} Bxc5 {[%clk 1:20:38]} 5. e3 {[%clk 1:31:57]} O-O
{[%clk 1:20:24]} 6. Bd3 {[%clk 1:31:52]} d5 {[%clk 1:19:23]} 7. cxd5
{[%clk 1:32:01]} exd5 {[%clk 1:19:39]} 8. Nf3 {[%clk 1:32:06]} Nc6
{[%clk 1:18:31]} 9. O-O {[%clk 1:32:24]} Bg4 {[%clk 1:17:29]} 10. h3
{[%clk 1:31:45]} Bh5 {[%clk 1:16:30]} 11. Be2 {[%clk 1:31:59]} Qd7
{[%clk 1:07:36]} 12. a3 {[%clk 1:28:56]} a5 {[%clk 0:58:49]} 13. Nb5
{[%clk 1:28:21]} Rfd8 {[%clk 0:57:56]} 14. Bd2 {[%clk 1:17:29]} Bxf3
{[%clk 0:51:52]} 15. Bxf3 {[%clk 1:17:09]} Ne5 16. a4 {[%clk 1:14:30]} Ne4
{[%clk 0:39:11]} 17. Bc3 {[%clk 1:10:41]} Qe7 {[%clk 0:34:52]} 18. Qe2
{[%clk 1:03:14]} b6 {[%clk 0:31:30]} 19. Rad1 {[%clk 1:02:04]} h6
{[%clk 0:25:54]} 20. g3 {[%clk 0:55:28]} Rac8 {[%clk 0:20:58]} 21. Bg2
{[%clk 0:55:23]} Qe6 {[%clk 0:20:47]} 22. Qh5 {[%clk 0:42:43]} Nc4
{[%clk 0:16:43]} 23. b3 {[%clk 0:41:25]} Nxe3 {[%clk 0:09:26]} 24. fxe3
{[%clk 0:41:15]} Nxg3 {[%clk 0:08:32]} 25. Qh4 {[%clk 0:39:59]} Bxe3+
{[%clk 0:08:08]} 26. Kh2 {[%clk 0:40:27]} Nxf1+ {[%clk 0:08:19]} 27. Rxf1
{[%clk 0:40:10]} d4 {[%clk 0:06:19]} 28. Ba1 {[%clk 0:40:12]} Qxb3
{[%clk 0:02:16]} 29. Qg4 {[%clk 0:38:37]} Qe6 {[%clk 0:02:09]} 30. Qg3
{[%clk 0:38:36]} Rc2 {[%clk 0:01:57]} 31. Kh1 {[%clk 0:38:54]} Qg6
{[%clk 0:02:02]} 32. Qf3 {[%clk 0:38:18]} d3 {[%clk 0:01:33]} 33. Na3
{[%clk 0:38:11]} Ra2 {[%clk 0:01:16]} 34. Nc4 {[%clk 0:38:31]} Bd4
{[%clk 0:00:52]} 35. Bxd4 {[%clk 0:38:00]} Rxd4 {[%clk 0:01:18]} 36. Ne5
{[%clk 0:37:51]} Qxg2+ {[%clk 0:01:20]} 37. Qxg2 {[%clk 0:38:16]} Rxg2
{[%clk 0:01:48]} 38. Kxg2 {[%clk 0:38:45]} f6 {[%clk 0:01:08]} 39. Nf3
{[%clk 0:39:11]} Rxa4 {[%clk 0:01:32]} 40. Rd1 {[%clk 0:39:25]} Ra2+
{[%clk 0:01:35]} 41. Kf1 {[%clk 0:39:45]} Kf7 {[%clk 0:01:46]} 42. Rxd3
{[%clk 0:40:08]} Ke6 {[%clk 0:01:48]} 43. Rb3 {[%clk 0:40:30]} Kf5
{[%clk 0:01:38]} 44. Rxb6 {[%clk 0:40:51]} a4 {[%clk 0:01:58]} 45. Rb4 g5
{[%clk 0:01:58]} 46. Ng1 {[%clk 0:40:08]} Ra1+ {[%clk 0:01:54]} 47. Kg2
{[%clk 0:40:17]} h5 {[%clk 0:01:53]} 48. Ne2 {[%clk 0:39:57]} Ra2
{[%clk 0:02:12]} 49. Kf3 {[%clk 0:40:21]} g4+ {[%clk 0:02:21]} 50. hxg4+
{[%clk 0:40:50]} hxg4+ {[%clk 0:02:50]} 51. Ke3 {[%clk 0:41:18]} Kg5
{[%clk 0:02:34]} 52. Nf4 {[%clk 0:41:08]} Ra3+ {[%clk 0:02:25]} 53. Kf2
{[%clk 0:41:26]} f5 {[%clk 0:02:33]} 54. Kg2 {[%clk 0:41:25]} Ra2+
{[%clk 0:02:52]} 55. Kg3 {[%clk 0:41:44]} a3 {[%clk 0:02:33]} 56. Ra4
{[%clk 0:42:10]} Kf6 {[%clk 0:01:28]} 57. Ra5 {[%clk 0:42:22]} Ra1
{[%clk 0:01:28]} 58. Nd5+ {[%clk 0:42:17]} Ke5 {[%clk 0:01:06]} 59. Ne3+
{[%clk 0:42:35]} Ke4 {[%clk 0:01:07]} 60. Nxf5 {[%clk 0:42:15]} a2
{[%clk 0:01:21]} 61. Nd6+ {[%clk 0:42:04]} Ke3 {[%clk 0:01:00]} 62. Kg2
{[%clk 0:42:20]} Kf4 {[%clk 0:01:09]} 63. Ra4+ {[%clk 0:42:23]} Kg5
{[%clk 0:01:01]} 64. Ne4+ {[%clk 0:42:44]} Kf5 {[%clk 0:01:22]} 65. Nf2
{[%clk 0:42:41]} g3 {[%clk 0:01:21]} 66. Ne4 {[%clk 0:42:52]} Ke5 1/2-1/2

[Event "PMPJ 2022 - C15"]
[Site "Jastrzebia Gora"]
[Date "2022.11.12"]
[Round "3.14"]
[White "Klisowski, Bartosz"]
[Black "Borowik, Karol"]
[Result "1/2-1/2"]
[BlackElo "1451"]
[WhiteElo "1634"]
[LiveChessVersion "1.4.4"]

1. d4 {[%clk 1:30:56]} Nf6 {[%clk 1:30:52]} 2. c4 {[%clk 1:31:23]} g6
{[%clk 1:31:17]} 3. Nf3 {[%clk 1:31:48]} Bg7 {[%clk 1:31:43]} 4. g3
{[%clk 1:32:14]} O-O {[%clk 1:32:10]} 5. Bg2 {[%clk 1:32:42]} d6 {[%clk 1:32:35]}
6. O-O {[%clk 1:33:07]} Nc6 {[%clk 1:32:18]} 7. Nc3 {[%clk 1:33:24]} e5
{[%clk 1:32:35]} 8. d5 {[%clk 1:33:12]} Nb8 {[%clk 1:32:48]} 9. e4
{[%clk 1:32:31]} a5 {[%clk 1:33:01]} 10. Ne1 {[%clk 1:32:07]} Na6
{[%clk 1:32:39]} 11. Nd3 {[%clk 1:32:27]} Nd7 {[%clk 1:32:21]} 12. Be3
{[%clk 1:31:00]} b6 {[%clk 1:28:47]} 13. f4 {[%clk 1:26:39]} exf4
{[%clk 1:26:05]} 14. Bxf4 {[%clk 1:20:57]} Nac5 {[%clk 1:18:39]} 15. Nxc5
{[%clk 1:17:08]} bxc5 {[%clk 1:17:49]} 16. Qd2 {[%clk 1:15:14]} Ne5
{[%clk 1:08:05]} 17. b3 {[%clk 1:15:35]} Bd7 {[%clk 1:05:09]} 18. Bh6
{[%clk 1:10:23]} a4 {[%clk 1:02:39]} 19. Bxg7 {[%clk 1:10:42]} Kxg7
{[%clk 1:03:08]} 20. Ne2 {[%clk 1:07:47]} axb3 {[%clk 0:46:20]} 21. axb3
{[%clk 1:08:10]} Rxa1 {[%clk 0:46:42]} 22. Rxa1 {[%clk 1:08:37]} Qb8
{[%clk 0:46:49]} 23. Qc3 {[%clk 1:06:05]} Qb6 {[%clk 0:46:15]} 24. Nc1
{[%clk 1:02:44]} Kg8 {[%clk 0:41:26]} 25. Qa5 {[%clk 0:54:02]} Qb7
{[%clk 0:32:36]} 26. Qa7 {[%clk 0:50:54]} Rb8 {[%clk 0:32:28]} 27. h3
{[%clk 0:45:36]} Qc8 {[%clk 0:28:43]} 28. Kh2 {[%clk 0:45:41]} Rb7
{[%clk 0:28:36]} 29. Qa8 {[%clk 0:44:48]} Rb8 {[%clk 0:28:33]} 30. Qa5
{[%clk 0:43:58]} Qb7 {[%clk 0:28:12]} 31. Qa7 {[%clk 0:44:08]} Kg7
{[%clk 0:28:17]} 1/2-1/2

[Event "PMPJ 2022 - C15"]
[Site "Jastrzebia Gora"]
[Date "2022.11.12"]
[Round "3.15"]
[White "Nawrocki, Michal"]
[Black "Trochimczuk, Szymon"]
[Result "1/2-1/2"]
[BlackElo "1630"]
[WhiteElo "1432"]
[LiveChessVersion "1.4.4"]

1. e4 c6 2. d3 d5 3. Nd2 Nf6 4. Ngf3 Bg4 5. h3 Bh5 6. c3 e6 7. Qc2 Be7 8. g3 Qc7
9. Bg2 Nbd7 10. O-O O-O-O 11. b4 h6 12. Re1 g5 13. Nd4 Bf8 14. Qa4 Kb8 15. N2b3
dxe4 16. Na5 Ka8 17. dxe4 e5 18. Nf5 Nb6 19. Qb3 c5 20. Be3 Ne8 21. a4 f6 22. b5
Bf7 23. c4 Ng7 24. Qc3 Ne6 25. Nb3 Nd7 26. Red1 Nd4 27. Kf1 Kb8 28. a5 Qc8 29.
Rd2 Be6 30. Qd3 Rh7 31. a6 b6 32. Nc1 Qc7 33. Ne2 Bd6 34. Rb1 Rdh8 35. Nc3 Nf8
36. Nd5 Bxd5 37. exd5 Nxf5 38. Qxf5 Qe7 39. Be4 Rg7 1/2-1/2

[Event "PMPJ 2022 - C15"]
[Site "Jastrzebia Gora"]
[Date "2022.11.12"]
[Round "3.16"]
[White "Zawadzki, Bartosz"]
[Black "Nowak, Maciej"]
[Result "1/2-1/2"]
[BlackElo "1389"]
[WhiteElo "1624"]
[LiveChessVersion "1.4.4"]

1. e4 {[%clk 1:30:57]} e5 {[%clk 1:30:35]} 2. Nf3 {[%clk 1:31:20]} Nc6
{[%clk 1:30:58]} 3. Bb5 {[%clk 1:31:32]} Nf6 {[%clk 1:31:07]} 4. d3
{[%clk 1:31:55]} d6 {[%clk 1:30:07]} 5. h3 {[%clk 1:32:00]} Be7 {[%clk 1:30:29]}
6. O-O {[%clk 1:31:09]} O-O {[%clk 1:30:51]} 7. Nc3 {[%clk 1:31:12]} a6
{[%clk 1:31:07]} 8. Ba4 {[%clk 1:31:34]} b5 {[%clk 1:31:21]} 9. Bb3
{[%clk 1:31:39]} Na5 {[%clk 1:31:34]} 10. Nd5 {[%clk 1:29:42]} Nxd5
{[%clk 1:29:41]} 11. Bxd5 {[%clk 1:30:03]} c6 {[%clk 1:30:01]} 12. Bb3
{[%clk 1:30:26]} c5 {[%clk 1:29:33]} 13. c3 {[%clk 1:30:40]} Nc6 {[%clk 1:29:08]}
14. Re1 {[%clk 1:25:38]} Kh8 {[%clk 1:24:58]} 15. d4 {[%clk 1:22:55]} c4
{[%clk 1:22:45]} 16. Bc2 {[%clk 1:23:18]} Bb7 {[%clk 1:21:28]} 17. d5
{[%clk 1:22:36]} Nb8 {[%clk 1:21:23]} 18. a4 {[%clk 1:21:56]} Nd7
{[%clk 1:19:45]} 19. Be3 {[%clk 1:16:38]} Nf6 {[%clk 1:14:53]} 20. Qb1
{[%clk 1:10:56]} Qd7 {[%clk 1:14:14]} 21. b4 {[%clk 1:06:50]} h6 {[%clk 1:12:47]}
22. axb5 {[%clk 1:03:31]} axb5 {[%clk 1:12:58]} 23. Qb2 {[%clk 1:01:33]} Nh5
{[%clk 1:07:43]} 24. Rxa8 {[%clk 1:01:34]} Rxa8 {[%clk 1:07:59]} 25. Ra1
{[%clk 1:02:02]} Qd8 {[%clk 1:07:50]} 26. Ba7 {[%clk 0:56:58]} Qc8
{[%clk 1:05:01]} 27. Ra3 {[%clk 0:54:49]} Ba6 {[%clk 1:04:02]} 28. Be3
{[%clk 0:55:00]} Kh7 {[%clk 1:01:07]} 29. Kh2 {[%clk 0:52:24]} g6
{[%clk 1:00:54]} 30. g3 {[%clk 0:51:53]} Bf6 {[%clk 0:56:01]} 31. Qc1
{[%clk 0:51:40]} Bg7 {[%clk 0:52:41]} 32. g4 {[%clk 0:50:06]} Nf6
{[%clk 0:52:29]} 33. g5 {[%clk 0:47:10]} Ng8 {[%clk 0:50:58]} 34. gxh6
{[%clk 0:45:58]} Bxh6 {[%clk 0:50:42]} 35. Ng5+ {[%clk 0:45:00]} Bxg5
{[%clk 0:50:43]} 36. Bxg5 {[%clk 0:45:22]} f6 {[%clk 0:50:26]} 37. Be3
{[%clk 0:45:35]} Qd7 {[%clk 0:47:16]} 38. Qa1 {[%clk 0:44:36]} Qc8
{[%clk 0:46:13]} 39. Qc1 {[%clk 0:42:08]} Qd7 {[%clk 0:45:52]} 40. f4
{[%clk 0:41:55]} Qf7 41. Qd2 {[%clk 0:40:03]} Qe7 {[%clk 0:36:36]} 42. Qf2
{[%clk 0:39:57]} Qg7 {[%clk 0:33:26]} 43. Ra1 {[%clk 0:39:37]} Bb7
{[%clk 0:31:08]} 44. Rxa8 {[%clk 0:33:34]} Bxa8 {[%clk 0:31:31]} 45. fxe5
{[%clk 0:28:56]} dxe5 {[%clk 0:25:37]} 46. Bd1 {[%clk 0:26:33]} Nh6
{[%clk 0:21:22]} 47. Qa2 {[%clk 0:22:36]} Bb7 {[%clk 0:20:06]} 48. Qa5
{[%clk 0:20:45]} Qd7 {[%clk 0:19:50]} 49. Bf3 {[%clk 0:12:43]} Bc8
{[%clk 0:17:10]} 50. Bg2 {[%clk 0:13:03]} Nf7 {[%clk 0:16:50]} 51. Qa7
{[%clk 0:09:38]} Bb7 {[%clk 0:15:37]} 52. Qb6 {[%clk 0:08:54]} Kg7
{[%clk 0:15:11]} 53. Bc5 {[%clk 0:06:00]} f5 {[%clk 0:12:38]} 54. Qa7
{[%clk 0:05:38]} Bc8 {[%clk 0:10:26]} 55. Qxd7 {[%clk 0:05:24]} Bxd7
{[%clk 0:10:55]} 56. Be7 {[%clk 0:05:17]} Nh6 {[%clk 0:10:32]} 57. Kg3
{[%clk 0:05:20]} Ng8 {[%clk 0:09:17]} 58. Bg5 {[%clk 0:04:39]} Nf6
{[%clk 0:09:39]} 59. Bxf6+ {[%clk 0:04:51]} Kxf6 {[%clk 0:10:08]} 60. h4
{[%clk 0:04:38]} Be8 {[%clk 0:09:28]} 61. Kf3 {[%clk 0:04:29]} g5
{[%clk 0:09:04]} 62. hxg5+ {[%clk 0:04:46]} Kxg5 {[%clk 0:09:24]} 63. exf5
{[%clk 0:05:05]} Kxf5 {[%clk 0:09:29]} 64. Bh3+ {[%clk 0:05:19]} Kf6
{[%clk 0:09:30]} 65. d6 {[%clk 0:05:36]} Bc6+ {[%clk 0:09:30]} 66. Ke3
{[%clk 0:05:51]} Kf7 {[%clk 0:09:45]} 67. Bc8 {[%clk 0:05:23]} Ke8
{[%clk 0:10:01]} 68. Be6 {[%clk 0:05:10]} Kd8 1/2-1/2

[Event "PMPJ 2022 - C15"]
[Site "Jastrzebia Gora"]
[Date "2022.11.12"]
[Round "3.17"]
[White "Krasniewski, Maciej"]
[Black "Brudzynski, Wojciech"]
[Result "1-0"]
[BlackElo "1246"]
[WhiteElo "1619"]
[LiveChessVersion "1.4.4"]

1. d4 {[%clk 1:30:59]} d5 {[%clk 1:30:53]} 2. c4 {[%clk 1:31:27]} e6
{[%clk 1:31:16]} 3. Nf3 {[%clk 1:31:52]} Nf6 {[%clk 1:31:34]} 4. Nc3
{[%clk 1:32:18]} c5 {[%clk 1:30:42]} 5. cxd5 {[%clk 1:30:45]} Nxd5
{[%clk 1:29:46]} 6. e4 {[%clk 1:22:47]} Nxc3 {[%clk 1:27:07]} 7. bxc3
{[%clk 1:23:12]} cxd4 {[%clk 1:27:05]} 8. cxd4 {[%clk 1:16:54]} Bb4+
{[%clk 1:23:56]} 9. Bd2 {[%clk 1:17:19]} Bxd2+ {[%clk 1:18:04]} 10. Qxd2
{[%clk 1:17:40]} Bd7 {[%clk 1:17:03]} 11. Bd3 {[%clk 1:17:40]} O-O
{[%clk 1:16:41]} 12. O-O {[%clk 1:18:03]} Bc6 {[%clk 1:14:46]} 13. h4
{[%clk 1:17:51]} h6 {[%clk 0:49:46]} 14. Rad1 {[%clk 1:15:43]} f5
{[%clk 0:46:29]} 15. d5 {[%clk 1:08:48]} exd5 {[%clk 0:39:13]} 16. exf5
{[%clk 1:08:47]} Nd7 {[%clk 0:37:44]} 17. Qf4 {[%clk 1:03:06]} Rc8
{[%clk 0:30:39]} 18. Nd4 {[%clk 1:02:46]} Qf6 {[%clk 0:29:18]} 19. Rfe1
{[%clk 0:58:40]} Nc5 {[%clk 0:26:50]} 20. Bc2 {[%clk 0:52:02]} Rf7
{[%clk 0:22:50]} 21. Re5 {[%clk 0:37:52]} g5 {[%clk 0:18:27]} 22. Qg3
{[%clk 0:37:15]} Rg7 {[%clk 0:16:52]} 23. h5 {[%clk 0:36:57]} Be8
{[%clk 0:14:50]} 24. Rde1 {[%clk 0:35:15]} Bxh5 {[%clk 0:12:57]} 25. Rxd5
{[%clk 0:35:08]} Rd7 {[%clk 0:10:45]} 26. Rxd7 {[%clk 0:18:27]} Nxd7
{[%clk 0:11:14]} 27. Qb3+ {[%clk 0:16:21]} Bf7 {[%clk 0:09:13]} 28. Qxb7
{[%clk 0:16:34]} Rc4 {[%clk 0:06:19]} 29. Qxd7 {[%clk 0:16:14]} Qxd4
{[%clk 0:05:58]} 30. Re8+ {[%clk 0:09:34]} Bxe8 {[%clk 0:02:07]} 31. Qxe8+
{[%clk 0:09:57]} Kg7 {[%clk 0:02:36]} 32. Qe7+ {[%clk 0:10:16]} Kg8
{[%clk 0:02:52]} 33. f6 {[%clk 0:09:33]} Rc7 {[%clk 0:01:55]} 34. f7+
{[%clk 0:09:52]} Kg7 {[%clk 0:02:17]} 1-0